Hawaii Counties Quiz - Sudden Death - Statistics

General Stats
  • This quiz has been taken 121 times
  • The average score is 3 of 6
Answers on the Grid
Answers color-coded by a green-red scale on the quiz's grid according to % correct below.
***Free***
Bikini
Diamond Head
Hawai'i
Honolulu
Kalawao
Kaua'i
Kīlauea
Lānaʻi
Maui
Mauna Kea
Mauna Loa
Moloka'i
Niʻihau
O'ahu
Saipan
Tinian
Waikiki
 
Answer Stats
Answer % Correct
Hawai'i
64%
Honolulu
64%
***Free***
55%
Maui
52%
Kaua'i
49%
Kalawao
28%
No matching quizzes found
Score Distribution
Percent of People with Each Score
Percentile by Number Answered
Your Score History
You have not taken this quiz